Степени окисления элементов и их применение к анализу окислительно-восстановительных реакций

Bibliografische gegevens
Hoofdauteur: Медвинский А. А. Аркадий Арнольдович
Coauteur: Томский политехнический институт
Taal:Russisch
Gepubliceerd in: Томск, 1985
Onderwerpen:
Formaat: MixedMaterials Boek
KOHA link:https://koha.lib.tpu.ru/cgi-bin/koha/opac-detail.pl?biblionumber=594527

MARC

LEADER 00000nam0a2200000 4500
001 594527
005 20231101131819.0
029 0 0 |a RU  |b 158-ХП-85  |f ОНИИТЭХим 
035 |a (RuTPU)RU\TPU\tpu\10624 
035 |a RU\TPU\tpu\10622 
090 |a 594527 
100 |a 20021220d1985 k y0rusy50 ca 
101 0 |a rus 
102 |a RU 
105 |a y z 000zy 
200 1 |a Степени окисления элементов и их применение к анализу окислительно-восстановительных реакций  |f А. А. Медвинский 
210 |a Томск  |d 1985 
215 |a 8 с. 
320 |a Библиогр.: 7 назв. - Деп. в ОНИИТЭХим, г. Черкассы, 19.02.85, № 158-ХП-85. 
610 1 |a труды учёных ТПУ 
700 1 |a Медвинский  |b А. А.  |c кандидат химических наук  |f 1936-  |g Аркадий Арнольдович  |2 tpush  |3 (RuTPU)RU\TPU\pers\3444 
712 0 0 |a Томский политехнический институт 
801 2 |a RU  |b 63413507  |c 20100220  |g PSBO 
942 |c BK